Algas marinas y crecimiento de las plantas
Uloženo v:
| Hlavní autor: | |
|---|---|
| Médium: | Kniha |
| Jazyk: | španělština |
| Vydáno: |
Houston
Alpha Publishing Group
1987
|
| Vydání: | 1a. ed |
| Témata: | |
| Tagy: |
Přidat tag
Žádné tagy, Buďte první, kdo vytvoří štítek k tomuto záznamu!
|
MARC
| LEADER | 00000cam a2200000 a 4500 | ||
|---|---|---|---|
| 001 | UCC1987 | ||
| 003 | CL-VaPUC | ||
| 008 | 171230e19870000us |||||||||||||||||spa|d | ||
| 020 | |a 0939241013 | ||
| 082 | 0 | 4 | |a 589.3963 |b SEN |2 21 |
| 100 | 0 | |a Senn, T. L |e author |9 596111 | |
| 245 | 1 | 0 | |a Algas marinas y crecimiento de las plantas |
| 246 | 1 | 0 | |a Seaweed and plant growth |
| 250 | |a 1a. ed | ||
| 300 | |a 179 p | ||
| 942 | |c BK | ||
| 945 | |d 20171230 00:11:00 |a dcastane | ||
| 260 | |a Houston |b Alpha Publishing Group |c 1987 | ||
| 650 | 0 | |a Algas marinas |9 261775 | |
| 650 | 7 | |a CULTIVO Y MEDIOS DE CULTIVOS |2 CL-VaPUC |9 596112 | |
| 650 | 0 | |a Algicultura (Cultivo de algas) |9 407638 | |
| 583 | |a last modification |c 20171230 00:11:00 |k Rodrigo Vera | ||
| 999 | |c 370307 |d 370305 | ||
| 952 | |0 0 |1 0 |3 erb |4 0 |6 589_396300000000000_SEN_1987 |7 0 |8 A |9 486699 |a BIBALI |b BIBALI |i 5442931 |o 589.3963 SEN 1987 |p 5442931 |r 2025-01-20 |w 2019-11-24 |y BK |z Catalogado en:20171230 |k ALI | ||